000 00839nam a22002417a 4500
008 130821s2000 sp gr spa
020 _a8445808915
040 _aCo-BoUCM
_bspa
041 0 0 _aspa
060 _aQT 34
_bP371
_22000
100 _aPedraza VELASCO, María Lourdes...[Et Al]
_9170657
245 0 0 _aFísica aplicada a las ciencias de la salud
_cMaría Lourdes Pedraza Velasco
260 _aBarcelona (España)
_bMasson
_c2000
300 _a416páginas
650 0 4 _aCiencias naturales
_910813
650 0 4 _aDinámica
_913281
650 0 4 _aFísica
_915907
650 0 4 _aMovimiento ondulatorio
_919827
650 0 4 _aTemperatura
_925210
650 0 4 _aTitulo
_925487
700 _aMiangolarra, J.C. y Dias, Oliverio; Villapalos, Gustavo, prol.; Zaragoza, Juan, int.
_9170658
942 _cLIBRO
_2NLM
_a25
_e1
_hQT 34
_mP371
_n0
999 _c84035
_d84035